Largest Towns in Stockholms län - Statistics

General Stats
  • This quiz has been taken 79 times
  • The average score is 8 of 20
Answer Stats
Population Town % Correct
1,767,108 Stockholm
99%
76,320 Södertälje
82%
44,091 Lidingö
63%
22,018 Norrtälje
62%
29,815 Märsta
56%
15,108 Nynäshamn
50%
46,014 Tumba
50%
33,336 Vallentuna
50%
9,485 Bro
49%
19,381 Västerhaninge
49%
9,689 Sigtuna
43%
36,891 Åkersberga
37%
12,332 Ekerö
35%
24,341 Gustavsberg
32%
12,497 Kungsängen
26%
7,862 Nykvarn
24%
9,517 Saltsjöbaden
12%
7,692 Järna
10%
11,607 Jordbro
9%
7,943 Fisksätra
4%
No matching quizzes found
Score Distribution
Percent of People with Each Score
Percentile by Number Answered
Your Score History
You have not taken this quiz